[Event "GRE-ch U16 Girls"]
[Site "Patras"]
[Date "2021.07.07"]
[Round "6"]
[White "Dereka, Konstantina"]
[Black "Gkika, Marina"]
[Result "1-0"]
[WhiteElo "1591"]
[BlackElo "1305"]
[PlyCount "101"]
[EventDate "2021.07.02"]
[EventType "swiss"]
[EventRounds "7"]
[EventCountry "GRE"]
[SourceTitle "EXT 2023"]
[Source "ChessBase"]
[SourceDate "2022.10.05"]
[SourceVersion "1"]
[SourceVersionDate "2022.10.05"]
[SourceQuality "1"]

1. d4 Nf6 2. c4 g6 3. Nc3 Bg7 4. e4 d6 5. Nf3 0-0 6. Be2 e5 7. d5 a5 8. Bg5 h6 9. Bh4 Na6 10. 0-0 Qe8 11. Nd2 Nh7 12. a3 Bd7 13. b3 h5 14. f3 Bh6 15. Bf2 Qe7 16. Rb1 h4 17. b4 axb4 18. axb4 Qg5 19. f4 exf4 20. Nf3 Qf6 21. Bd4 Qe7 22. e5 h3 23. Re1 Ng5 24. exd6 cxd6 25. Bf1 Nxf3+ 26. Qxf3 Qd8 27. Ne4 Bg7 28. Bxg7 Kxg7 29. Qxf4 hxg2 30. Bxg2 Bf5 31. Rb2 Bxe4 32. Qxe4 Re8 33. Qd4+ Qf6 34. Qxf6+ Kxf6 35. Rf1+ Kg7 36. Rc1 Rac8 37. Bh3 Rc7 38. c5 f5 39. Bf1 Rd8 40. c6 Nb8 41. b5 bxc6 42. dxc6 Rdc8 43. Rd2 Rd8 44. Bg2 Rdc8 45. b6 Rxc6 46. Bxc6 Nxc6 47. b7 Rb8 48. Rxc6 Rxb7 49. Rcxd6 Rb4 50. Kg2 Kh6 51. Kf3 1-0

[Event "EU-ch Amateur Online 1400/1700"]
[Site "Tornelo INT"]
[Date "2021.04.17"]
[Round "7"]
[White "Dereka, Konstantina"]
[Black "Gecegezen, Cengizhan"]
[Result "1-0"]
[WhiteElo "1591"]
[BlackElo "1272"]
[PlyCount "93"]
[EventDate "2021.04.17"]
[EventType "swiss (rapid)"]
[EventRounds "8"]
[EventCountry "NET"]
[SourceTitle "EXT 2023"]
[Source "ChessBase"]
[SourceDate "2022.10.05"]
[SourceVersion "1"]
[SourceVersionDate "2022.10.05"]
[SourceQuality "1"]

1. d4 f5 2. g3 e6 3. Bg2 d5 4. c3 c6 5. Nd2 Nf6 6. Nh3 Be7 7. 0-0 0-0 8. Nf4 Ne4 9. Nf3 Bd6 10. Nd3 Nd7 11. h4 Ndf6 12. Bf4 Bxf4 13. Nxf4 Qc7 14. Rc1 b5 15. b3 a6 16. c4 Qd6 17. Ne5 Nd7 18. cxd5 Nxe5 19. dxe5 Qxd5 20. Nxd5 cxd5 21. Qc2 Bd7 22. Qc7 Rfd8 23. Bxe4 fxe4 24. Rfd1 Rac8 25. Qb6 Kf7 26. Rxc8 Rxc8 27. Qb7 Ke7 28. Qxa6 b4 29. Qd6+ Ke8 30. Qxb4 Rc2 31. Qb8+ Rc8 32. Qd6 Rc6 33. Qb4 Rc8 34. Qa3 Rc6 35. Rc1 Rxc1+ 36. Qxc1 Kd8 37. b4 Bb5 38. Qc5 Kd7 39. Qxb5+ Kc7 40. Qc5+ Kb8 41. Qd6+ Ka8 42. b5 e3 43. b6 exf2+ 44. Kxf2 d4 45. Qc6+ Kb8 46. Qc7+ Ka8 47. Qa7# 1-0

[Event "EU-ch Amateur Online 1400/1700"]
[Site "Tornelo INT"]
[Date "2021.04.17"]
[Round "8"]
[White "Genc, Ali Kaan"]
[Black "Dereka, Konstantina"]
[Result "0-1"]
[WhiteElo "1272"]
[BlackElo "1591"]
[PlyCount "50"]
[EventDate "2021.04.17"]
[EventType "swiss (rapid)"]
[EventRounds "8"]
[EventCountry "NET"]
[SourceTitle "EXT 2023"]
[Source "ChessBase"]
[SourceDate "2022.10.05"]
[SourceVersion "1"]
[SourceVersionDate "2022.10.05"]
[SourceQuality "1"]

1. e4 c5 2. Nf3 e6 3. d4 cxd4 4. Nxd4 Nf6 5. Nc3 d6 6. Bg5 Be7 7. Qd2 0-0 8. f3 a6 9. 0-0-0 b5 10. h4 Bb7 11. g4 Nbd7 12. Bxf6 Bxf6 13. g5 Be7 14. Rg1 b4 15. Nce2 d5 16. h5 Ne5 17. Qf4 Nc4 18. Qg4 Ne3 19. Qg3 Nxd1 20. g6 h6 21. gxf7+ Rxf7 22. Nxe6 Qb6 23. Nxg7 Bg5+ 24. f4 Rxg7 25. Kxd1 Bf6 0-1

[Event "EU-ch Amateur Online 1400/1700"]
[Site "Tornelo INT"]
[Date "2021.04.17"]
[Round "4"]
[White "Rodriguez Monago, Juan Antonio"]
[Black "Dereka, Konstantina"]
[Result "0-1"]
[WhiteElo "1418"]
[BlackElo "1591"]
[PlyCount "36"]
[EventDate "2021.04.17"]
[EventType "swiss (rapid)"]
[EventRounds "8"]
[EventCountry "NET"]
[SourceTitle "EXT 2023"]
[Source "ChessBase"]
[SourceDate "2022.10.05"]
[SourceVersion "1"]
[SourceVersionDate "2022.10.05"]
[SourceQuality "1"]

1. d4 Nf6 2. Bf4 g6 3. e3 Bg7 4. Nf3 0-0 5. Be2 d5 6. Nbd2 c5 7. c3 Nc6 8. Ne5 Nd7 9. Nxd7 Bxd7 10. h4 e5 11. dxe5 Nxe5 12. h5 Qb6 13. Rb1 Bf5 14. Ra1 Qxb2 15. hxg6 hxg6 16. Nf3 Qxc3+ 17. Kf1 Nxf3 18. gxf3 Qxa1 0-1

[Event "GRE-chT Online Rapid (Women) 1st"]
[Site "Tornelo INT"]
[Date "2021.02.20"]
[Round "3.4"]
[White "Dereka, Konstantina"]
[Black "Kalogeridou, Ioanna"]
[Result "1-0"]
[WhiteElo "1591"]
[BlackElo "1337"]
[PlyCount "59"]
[EventDate "2021.02.20"]
[EventType "team-swiss (rapid)"]
[EventRounds "9"]
[EventCountry "GRE"]
[SourceTitle "EXT 2023"]
[Source "ChessBase"]
[SourceDate "2022.10.05"]
[SourceVersion "1"]
[SourceVersionDate "2022.10.05"]
[SourceQuality "1"]

1. d4 d5 2. c4 e6 3. Nc3 Nf6 4. Nf3 Nbd7 5. Bg5 h6 6. Bh4 Be7 7. e3 0-0 8. Rc1 c5 9. Bd3 b6 10. 0-0 Bb7 11. Qe2 cxd4 12. Nxd4 dxc4 13. Bxc4 Nd5 14. Bxe7 Nxc3 15. Rxc3 Qxe7 16. Rfc1 Rac8 17. Ba6 Bxa6 18. Qxa6 Rxc3 19. Rxc3 Qb4 20. Qe2 a5 21. a3 Qd6 22. Rc6 Qd5 23. Qc2 b5 24. h3 b4 25. axb4 axb4 26. Rc4 Rb8 27. Nc6 Qd6 28. Nxb8 Nxb8 29. Rc8+ Qf8 30. Rxf8+ 1-0

[Event "GRE-ch Online Blitz (Women) 1st"]
[Site "Tornelo INT"]
[Date "2021.02.07"]
[Round "2"]
[White "Dereka, Konstantina"]
[Black "Raftopoulou, Konstantina"]
[Result "1-0"]
[WhiteElo "1363"]
[BlackElo "1174"]
[PlyCount "105"]
[EventDate "2021.02.07"]
[EventType "swiss (blitz)"]
[EventRounds "16"]
[EventCountry "GRE"]
[SourceTitle "EXT 2023"]
[Source "ChessBase"]
[SourceDate "2022.10.05"]
[SourceVersion "1"]
[SourceVersionDate "2022.10.05"]
[SourceQuality "1"]

1. d4 d5 2. c4 e6 3. Nc3 c6 4. e4 f6 5. Nf3 Bd6 6. cxd5 exd5 7. exd5 cxd5 8. Nxd5 Be6 9. Bb5+ Nd7 10. Nc3 Ne7 11. Qe2 Bg4 12. 0-0 a6 13. Bc4 Nb6 14. Be6 Bxe6 15. Qxe6 Qd7 16. Re1 Qxe6 17. Rxe6 0-0 18. Rxd6 Nc4 19. Rd7 Nf5 20. Rxb7 Rfd8 21. b3 Na5 22. Rc7 Nxd4 23. Nxd4 Rxd4 24. Be3 Rdd8 25. b4 Rdc8 26. Nd5 Rxc7 27. Nxc7 Rc8 28. bxa5 Rxc7 29. Rc1 Rxc1+ 30. Bxc1 Kf7 31. f4 Ke6 32. Kf2 Kd5 33. Ke3 g6 34. g4 h5 35. gxh5 gxh5 36. h3 f5 37. Bd2 Kd6 38. Kd4 Kc6 39. Ke5 Kb5 40. Kxf5 Kc4 41. Kg6 Kd3 42. f5 Kxd2 43. f6 Kc2 44. f7 h4 45. f8Q Kb2 46. Qd6 Kxa2 47. Qxa6 Ka1 48. Qc8 Kb2 49. a6 Ka1 50. a7 Kb2 51. a8Q Kb3 52. Qab8+ Ka2 53. Qa6# 1-0